LDR 01288naa#a2200205#i#450# 001 RU\\bibl\123418 005 20260705223601.7 011 ## _a1994-4683 100 ## _a20230731b2023####ek#y0rusy0150####ca 102 ## _aRU 200 1# _aРАЗВИТИЕ АЭРОБНЫХ ВОЗМОЖНОСТЕЙ ОРГАНИЗМА В УЧЕБНОМ ПРОЦЕССЕ СТУДЕНТОВ СРЕДСТВАМИ СЕВЕРНОЙ ХОДЬБЫ _eЖурнальная статья 210 1# _aМосква _cНациональный государственный Университет физической культуры, спорта и здоровья им. П.Ф. Лесгафта _d2023 215 ## _a4 с. 608 ## _aЖурнальная статья _2local 675 ## _aМетодика физического воспитания. Пути и средства физического воспитания. Учебные заведения физической культуры. 796.011.3 _z 700 #1 _aСоболев _gСтанислав Владимирович 700 #1 _aКоновалов _gАлександр Сергеевич 700 #1 _aСоболева _gНаталья Владимировна 700 #1 _aПатаркацишвили _gНиколай Юрьевич 856 4# _auchzapiski.lesgaft.spb.ru _u